000 00469 a2200157 4500
005 20240924172518.0
008 240924b |||||||| |||| 00| 0 eng d
020 _a9781859464816
082 _a720.47/HEY
100 _aHeywood H
_9208429
245 _a101 Rules Of Thumb:For Low Energy Architecture
260 _bRiba Publishing
_c2012
_aLondon
300 _a224P
_bPB
500 _a1.Working With Site And Location 2.Manipulating Orientation And Form
942 _cBK
999 _c359655
_d359655